000 01204cad a22001935a 4500
001 L152907
008 110513s2011 xxk f 000 0 eng d
035 _a(Sirsi) u152907
041 0 _aeng
110 2 _aUnited Kingdom
_bDepartment for Environment Food and Rural Affairs
245 0 0 _aMeasuring and reporting of greenhouse gas emissions by UK companies
_ba consultation on options
_h[electronic resource]
260 _aLondn
_bDEFRA
_c2011
520 _aSeeks view on seeks your views on whether regulations should be introduced to make it mandatory for some UK companies to report on their greenhouse gas (GHG) emissions or whether the Government should continue to encourage measuring and reporting of GHG emissions on a voluntary basis. No decision has yet been made. This consultation aims to inform Ministers? decision on whether to introduce regulations. The consultation runs until 5 July 2011.
590 _aKA NTK
651 4 _aUnited Kingdom
_y
690 _aENVIRONMENTAL AND LAND CONSULTANCY-ENERGY-ENERGY USE-ENERGY EFFICIENCY
856 4 0 _uhttps://www.defra.gov.uk/consult/files/110511-ghg-emissions-condoc1.pdf
_zView the consultation free of charge at www.defra.gov.uk
942 _n0
999 _c112256
_d112256